[Event "Western Province-chT"]
[Site "Cape Town"]
[Date "2018.08.11"]
[Round "3"]
[White "Cruywagen, Christiaan J"]
[Black "Baloyi, Siphiwe"]
[Result "0-1"]
[WhiteElo "1870"]
[BlackElo "1927"]
[PlyCount "48"]
[EventDate "2018.08.04"]
[EventType "team-tourn"]
[EventRounds "11"]
[EventCountry "RSA"]
[SourceTitle "EXT 2020"]
[Source "ChessBase"]
[SourceDate "2019.10.17"]
[SourceVersion "1"]
[SourceVersionDate "2019.10.17"]
[SourceQuality "1"]
[WhiteTeam "Stellenbosch"]
[BlackTeam "Blackjacks"]
[WhiteTeamCountry "RSA"]
[BlackTeamCountry "RSA"]

1. d4 c5 2. d5 Nf6 3. c4 e6 4. Nc3 exd5 5. cxd5 d6 6. Bf4 g6 7. Nf3 Bg7 8. Qa4+ Bd7 9. Qb3 Qc7 10. e4 Nh5 11. Bxd6 Qxd6 12. Qxb7 0-0 13. Qxa8 Qb6 14. Be2 Na6 15. Qxf8+ Kxf8 16. 0-0 Nf4 17. Bc4 Bg4 18. Bxa6 Qxa6 19. h3 Bd7 20. Nh2 Nxh3+ 21. gxh3 Bxh3 22. Rfe1 Qd6 23. f3 Bd4+ 24. Kh1 Qg3 0-1

[Event "South African op"]
[Site "Cape Town"]
[Date "2015.07.05"]
[Round "4"]
[White "Baskir, Zach"]
[Black "Baloyi, Siphiwe"]
[Result "0-1"]
[WhiteElo "1474"]
[BlackElo "1929"]
[PlyCount "134"]
[EventDate "2015.07.03"]
[EventType "swiss"]
[EventRounds "11"]
[EventCountry "RSA"]
[SourceTitle "CBM 167 Extra"]
[Source "ChessBase"]
[SourceDate "2015.09.14"]
[SourceVersion "1"]
[SourceVersionDate "2015.09.14"]
[SourceQuality "1"]

1. d4 Nf6 2. c4 c6 3. Nf3 d5 4. e3 g6 5. Nc3 Bg7 6. Be2 dxc4 7. Bxc4 0-0 8. h3 b5 9. Bd3 b4 10. Ne4 Nbd7 11. Bd2 Qb6 12. Rc1 a5 13. Qa4 Bb7 14. Nc5 Nxc5 15. Rxc5 Nd7 16. Rc1 Rfc8 17. a3 bxa3 18. bxa3 e5 19. Rb1 Qc7 20. Qb3 Rab8 21. 0-0 e4 22. Ng5 Nf6 23. Nxe4 Nxe4 24. Bxe4 Ba6 25. Qc3 Bxf1 26. Rxb8 Rxb8 27. Kxf1 Rc8 28. Qxa5 Qxa5 29. Bxa5 Bf8 30. Bb4 c5 31. Bxc5 Bxc5 32. dxc5 Rxc5 33. Ke2 Ra5 34. Kf3 Rxa3 35. Kg3 Kg7 36. Bf3 Ra4 37. Kh2 Ra2 38. Kg1 Kf6 39. g3 Ke5 40. Bg2 Ra1+ 41. Kh2 Ra2 42. Kg1 Kd6 43. Bf3 Kc5 44. Kf1 f6 45. Ke1 Kc4 46. Be2+ Kc3 47. f3 Ra1+ 48. Kf2 Kd2 49. e4 h5 50. g4 h4 51. f4 g5 52. fxg5 fxg5 53. Bf1 Re1 54. Bg2 Re3 55. Bf3 Ra3 56. Bg2 Ra7 57. Kg1 Ke3 58. Kh2 Kf2 59. Bh1 Ke3 60. Bg2 Kf4 61. Bh1 Ra2+ 62. Bg2 Re2 63. Kg1 Kg3 64. Bf1 Re1 65. e5 Rxe5 66. Bg2 Re1+ 67. Bf1 Ra1 0-1

[Event "Manyanani"]
[Site "Manyanani"]
[Date "2014.06.16"]
[Round "6"]
[White "Baloyi, Siphiwe"]
[Black "Barrish, Daniel"]
[Result "0-1"]
[WhiteElo "1956"]
[BlackElo "1990"]
[PlyCount "62"]
[EventDate "2014.06.14"]
[EventType "swiss"]
[EventRounds "7"]
[EventCountry "RSA"]
[SourceTitle "EXT 2016"]
[Source "ChessBase"]
[SourceDate "2015.10.08"]
[SourceVersion "1"]
[SourceVersionDate "2015.10.08"]
[SourceQuality "1"]

1. e4 c5 2. Nf3 e6 3. Nc3 a6 4. a4 b6 5. g3 Bb7 6. Bg2 d6 7. 0-0 Nf6 8. e5 Nfd7 9. exd6 Bxd6 10. d4 0-0 11. d5 Nf6 12. dxe6 fxe6 13. Bh3 Re8 14. Ng5 e5 15. Be6+ Rxe6 16. Nxe6 Qd7 17. Ng5 h6 18. Nf3 Qc6 19. Kg2 Nbd7 20. Re1 Rf8 21. h3 c4 22. Ra2 Bb4 23. Bd2 Bxc3 24. Bxc3 Nd5 25. Ra3 Rxf3 26. Qxf3 Nf4+ 27. gxf4 Qxf3+ 28. Kf1 Qxh3+ 29. Ke2 Qf3+ 30. Kf1 Qg4 31. Re2 Bf3 0-1

[Event "Manyanani"]
[Site "Manyanani"]
[Date "2014.06.15"]
[Round "5"]
[White "Baloyi, Siphiwe"]
[Black "Kobese, Watu"]
[Result "0-1"]
[WhiteElo "1956"]
[BlackElo "2341"]
[PlyCount "84"]
[EventDate "2014.06.14"]
[EventType "swiss"]
[EventRounds "7"]
[EventCountry "RSA"]
[SourceTitle "EXT 2016"]
[Source "ChessBase"]
[SourceDate "2015.10.08"]
[SourceVersion "1"]
[SourceVersionDate "2015.10.08"]
[SourceQuality "1"]

1. e4 e5 2. Nf3 Nc6 3. Bb5 a6 4. Ba4 Nf6 5. 0-0 Be7 6. Re1 b5 7. Bb3 d6 8. c3 0-0 9. h3 Na5 10. Bc2 c5 11. d4 Qc7 12. b3 Bd7 13. Bb2 Rfc8 14. Bd3 c4 15. Bf1 exd4 16. Nxd4 Nc6 17. Nxc6 Bxc6 18. Nd2 Qb7 19. Qb1 d5 20. e5 Ne4 21. Qc2 Ng5 22. Rad1 Qb6 23. Re2 a5 24. bxc4 bxc4 25. Rb1 Qc5 26. Bc1 Rab8 27. h4 Ne4 28. Rxb8 Rxb8 29. Nf3 Qb6 30. Be3 Qb1 31. Qxb1 Rxb1 32. Nd2 Nxd2 33. Bxd2 Bxh4 34. g3 Be7 35. e6 Kf8 36. exf7 Kxf7 37. Be1 Bf6 38. Kh2 Rc1 39. Re3 Ra1 40. Re2 d4 41. cxd4 c3 42. Bxc3 Rxf1 0-1